| 000 | 02049cam a22004577a 4500 | ||
|---|---|---|---|
| 001 | 15667667 | ||
| 003 | OSt | ||
| 005 | 20180116192414.0 | ||
| 008 | 090320s2009 sz a b 001 0 eng c | ||
| 010 | _a 2009925058 | ||
| 015 |
_aGBA934083 _2bnb |
||
| 016 | 7 |
_a015104223 _2Uk |
|
| 020 | _a9783764388126 (pbk.) | ||
| 020 | _a3764388129 (pbk.) | ||
| 035 | _a(OCoLC)ocn316002882 | ||
| 040 |
_aUKM _cPUL _dYDXCP _dOHX _dBWX _dUKM _dC#P _dSUC _dCDX _dU5D _dDLC |
||
| 041 | 1 |
_aeng _hger |
|
| 042 | _apcc | ||
| 050 | 0 | 0 |
_aTA418.7 _b.K56 2009 |
| 082 | _a720.222 | ||
| 100 | 1 |
_aKlooster, Thorsten, _d1966- _96430 |
|
| 240 | 1 | 0 | _aSmart surfaces |
| 245 | 1 | 0 |
_aSmart surfaces : _band their application in architecture and design / _cThorsten Klooster ; with contributions by Niels Boeing, Simon Davis and Almut Seeger. |
| 260 |
_aBasel ; _aBoston : _bBirkhäuser, _cc2009. |
||
| 300 |
_a184 p. : _bill. (some col.) ; _c24 cm. |
||
| 500 | _aEnglish edition of a German original. | ||
| 504 | _aIncludes bibliographical references and index. | ||
| 520 | 8 | _aWhether luminous wallpaper or curtains that produce electricity, innovations in surface technologies are influencing the use of materials in architecture, interior design, and design. This text brings these design fields into the creative focus of planners and designers, and emphasizes concrete possibilities for applications. | |
| 650 | 0 |
_aSurfaces (Technology) _96431 |
|
| 650 | 0 |
_aBuilding materials _xSurfaces. _96432 |
|
| 650 | 0 |
_aSmart materials in architecture. _96433 |
|
| 650 | 0 |
_aArchitectural design _xTechnological innovations. _96434 |
|
| 650 | 0 |
_aFinishes and finishing _xTechnological innovations. _96435 |
|
| 700 | 1 |
_aBoeing, Niels, _d1967- _96436 |
|
| 700 | 1 |
_aDavis, Simon. _96437 |
|
| 700 | 1 |
_aSeeger, Almut. _96438 |
|
| 906 |
_a7 _bcbc _cpccadap _d2 _encip _f20 _gy-gencatlg |
||
| 942 |
_2ddc _cBK |
||
| 999 |
_c353671 _d353671 |
||